01134nas a2200301 4500001001300000003000900013005001700022007000300039008003400042040005400076041000900130072000800139100002000147100001600167100002000183100002400203245008600227246008600313650001400399650001000413650002000423650001400443773014200457909004000599942001800639999001900657952015600676BR2012008966BR-BrBNA20231205121521.0ta230509b bl.|||p| |||| 00| 00por d aBR-BrBNAbporcBiblioteca Nacional de Agricultura a(En) aL401 aCosta, S.A.R.F.1 aRichter, M.1 aToledo, P.M. de1 aMoraes-Santos, H.M.1 aShark teeth from pirabas formation (Lower Miocene), northeastern Amazonia, Brazil1 aShark teeth from pirabas formation (Lower Miocene), northeastern Amazonia, Brazil aCAÇÃO aDENTE aANATOMIA ANIMAL aTAXONOMIA0 tBoletim do Museu Paraense Emílio Goeldi. Ciências Naturais (Brazil)xISSN 1981-8114g(Sep-Dec 2009), v. 4(3) p. 221-230wBR2012008966 a202311bLúciac55dLúcia Elande 2AGRISn0cANA c223924d223924 002AGRIS4071a41918b41918cPeriódicos Agrícolash(Sep-Dec 2009), v. 4(3) p. 221-230l0r2023-11-29t01yCRePortaria Interministerial nº 164/94